ბათუმის შოთა რუსთაველის სახელმწიფო უნივერსიტეტის ბიბლიოთეკა

Единая транспортная система. (ბიბ.ჩანაწერი № 35706)

000 -LEADER
fixed length control field 00609nam a2200217Ia 4500
001 - CONTROL NUMBER
control field 1579
003 - CONTROL NUMBER IDENTIFIER
control field GE_BSU
008 - FIXED-LENGTH DATA ELEMENTS--GENERAL INFORMATION
fixed length control field 181216s||||||||xx |||||||||||||| ||und||
040 ## - CATALOGING SOURCE
Transcribing agency GE_BSU
080 ## - UNIVERSAL DECIMAL CLASSIFICATION NUMBER
Universal Decimal Classification number 656(075.8)
100 ## - MAIN ENTRY--PERSONAL NAME
Personal name Громов,Н.Н. Панченко,Т.А. Чудновский,А.Д.
245 ## - TITLE STATEMENT
Title Единая транспортная система.
245 ## - TITLE STATEMENT
Remainder of title Учебник.
260 ## - PUBLICATION, DISTRIBUTION, ETC.
Place of publication, distribution, etc. М.
260 ## - PUBLICATION, DISTRIBUTION, ETC.
Name of publisher, distributor, etc. Транспорт.
260 ## - PUBLICATION, DISTRIBUTION, ETC.
Date of publication, distribution, etc. 1987.
300 ## - PHYSICAL DESCRIPTION
Extent 304стр. 21см.
653 ## - INDEX TERM--UNCONTROLLED
Uncontrolled term Единая транспортная система.
942 ## - ADDED ENTRY ELEMENTS (KOHA)
Koha item type წიგნი
ეგზემპლარები
Withdrawn status Lost status Damaged status Not for loan Date acquired Barcode Date last seen Price effective from Koha item type
        2018-12-17 2999 2018-12-17 2018-12-17 წიგნი